Estimating N2O emission from N fertilisation: A nutrient balance approach (Record no. 58811)

MARC details
000 -LEADER
fixed length control field 00356nam a2200121Ia 4500
100 ## - MAIN ENTRY--AUTHOR NAME
Personal name Abd Karim Yahya
245 #0 - TITLE STATEMENT
Title Estimating N2O emission from N fertilisation: A nutrient balance approach
260 ## - PUBLICATION, DISTRIBUTION, ETC. (IMPRINT)
Name of publisher Rubber Technology Developments
Year of publication 2010
300 ## - PHYSICAL DESCRIPTION
Number of Pages 45-49
650 ## - SUBJECT ADDED ENTRY--TOPICAL TERM
Topical Term N Fertilisation
942 ## - ADDED ENTRY ELEMENTS (KOHA)
Koha item type Journals
Holdings
Withdrawn status Lost status Damaged status Not for loan Home library Current library Date acquired Serial Enumeration / chronology Koha item type
      Journals RRII Library RRII Library 27/05/2011 Volume 10, Issue 2 Journals